<?xml version="1.0" encoding="UTF-8"?><?xml-stylesheet type="text/xsl" href="static/style.xsl"?><OAI-PMH xmlns="http://www.openarchives.org/OAI/2.0/" xmlns:xsi="http://www.w3.org/2001/XMLSchema-instance" xsi:schemaLocation="http://www.openarchives.org/OAI/2.0/ http://www.openarchives.org/OAI/2.0/OAI-PMH.xsd"><responseDate>2026-04-13T01:09:56Z</responseDate><request verb="GetRecord" identifier="oai:www.recercat.cat:2072/487753" metadataPrefix="marc">https://recercat.cat/oai/request</request><GetRecord><record><header><identifier>oai:recercat.cat:2072/487753</identifier><datestamp>2025-11-07T13:53:36Z</datestamp><setSpec>com_2072_98</setSpec><setSpec>col_2072_378192</setSpec></header><metadata><record xmlns="http://www.loc.gov/MARC21/slim" xmlns:dcterms="http://purl.org/dc/terms/" xmlns:xsi="http://www.w3.org/2001/XMLSchema-instance" xmlns:doc="http://www.lyncode.com/xoai" xsi:schemaLocation="http://www.loc.gov/MARC21/slim http://www.loc.gov/standards/marcxml/schema/MARC21slim.xsd">
   <leader>00925njm 22002777a 4500</leader>
   <datafield ind2=" " ind1=" " tag="042">
      <subfield code="a">dc</subfield>
   </datafield>
   <datafield ind2=" " ind1=" " tag="720">
      <subfield code="a">Hocasar de Blas, Aarón</subfield>
      <subfield code="e">author</subfield>
   </datafield>
   <datafield ind2=" " ind1=" " tag="720">
      <subfield code="a">García-Muñoz, Paula</subfield>
      <subfield code="e">author</subfield>
   </datafield>
   <datafield ind2=" " ind1=" " tag="720">
      <subfield code="a">Alía Martínez, Patricia</subfield>
      <subfield code="e">author</subfield>
   </datafield>
   <datafield ind2=" " ind1=" " tag="720">
      <subfield code="a">Lapuerta Calderón, Lucía</subfield>
      <subfield code="e">author</subfield>
   </datafield>
   <datafield ind2=" " ind1=" " tag="260">
      <subfield code="c">2025</subfield>
   </datafield>
   <datafield ind2=" " ind1=" " tag="520">
      <subfield code="a">Dentro de la diversidad de manifestaciones de la misoginia online que conforman la manosfera, el colectivo de gurús de la seducción se caracteriza por la difusión de recopilatorios de técnicas de seducción rápida orientadas a que hombres consigan citas y relaciones sexuales con mujeres. En la presente investigación analizamos los discursos de diez gurús de la seducción (cinco mujeres y cinco hombres) que propagan sus contenidos a través de la plataforma YouTube atendiendo a: las prescripciones de género, el papel de las figuras retóricas empleadas, los guiones sexuales que predican y las fórmulas de construcción de autoridad discursiva; todo ello incidiendo en las diferencias discursivas según el género del emisor. Los resultados apuntan a la reproducción de una concepción del género binaria, esencialista y tradicional en la que se anima a los hombres a interiorizar itinerarios conductuales para aumentar sus relaciones con mujeres. Respecto a las diferencias entre gurús masculinos y femeninos, mientras que los primeros construyen su posición de autoridad discursiva mostrándose como expertos en la materia, las segundas apelan a su condición de mujer para presentarse como portavoces de su categoría de género.</subfield>
   </datafield>
   <datafield ind2=" " ind1=" " tag="520">
      <subfield code="a">Dins de la diversitat de manifestacions de la misogínia en línia que conformen la *manosfera, el col·lectiu de gurus de la seducció es caracteritza per la difusió de recopilatoris de tècniques de seducció ràpida orientades al fet que homes aconsegueixin cites i relacions sexuals amb dones. En la present recerca analitzem els discursos de deu gurus de la seducció (cinc dones i cinc homes) que propaguen els seus continguts a través de la plataforma YouTube atenent a: les prescripcions de gènere, el paper de les figures retòriques emprades, els guions sexuals que prediquen i les fórmules de construcció d'autoritat discursiva; tot això incidint en les diferències discursives segons el gènere de l'emissor. Els resultats apunten a la reproducció d'una concepció del gènere binària, essencialista i tradicional en la qual s'anima als homes a interioritzar itineraris conductuals per a augmentar les seves relacions amb dones. Respecte a les diferències entre gurus masculins i femenins, mentre que els primers construeixen la seva posició d'autoritat discursiva mostrant-se com a experts en la matèria, les segones apel·len a la seva condició de dona per a presentar-se com a portaveus de la seva categoria de gènere.</subfield>
   </datafield>
   <datafield ind2=" " ind1=" " tag="520">
      <subfield code="a">Within the diversity of manifestations of online misogyny that constitute the manosphere, the collective of seduction gurus stands out for the dissemination of seduction techniques aimed at getting men to date and have sex with women. This research analyzes the discourses of ten gurus (five women and five men) on YouTube, paying attention to: gender prescriptions, rhetorical figures used, the sexual scripts they preach and the strategies of discursive authority; with special focus on the differences according to the gender of the guru. The results point to a binary, essentialist and traditional vision of gender, which promotes specific behaviors in men to enhance their relationships with women. As for the differences between male and female gurus, male gurus construct their authority by showing themselves as experts in the field, while the female gurus base it on their gender experience, presenting themselves as spokespersons for their gender.</subfield>
   </datafield>
   <datafield tag="653" ind2=" " ind1=" ">
      <subfield code="a">Gurús de la seducción</subfield>
   </datafield>
   <datafield tag="653" ind2=" " ind1=" ">
      <subfield code="a">Manosfera</subfield>
   </datafield>
   <datafield tag="653" ind2=" " ind1=" ">
      <subfield code="a">Estereotipos sexuales</subfield>
   </datafield>
   <datafield tag="653" ind2=" " ind1=" ">
      <subfield code="a">Análisis cualitativo</subfield>
   </datafield>
   <datafield tag="653" ind2=" " ind1=" ">
      <subfield code="a">Ciencia y sociedad</subfield>
   </datafield>
   <datafield tag="653" ind2=" " ind1=" ">
      <subfield code="a">Pick Up Artists</subfield>
   </datafield>
   <datafield tag="653" ind2=" " ind1=" ">
      <subfield code="a">Manosphere</subfield>
   </datafield>
   <datafield tag="653" ind2=" " ind1=" ">
      <subfield code="a">Gender stereotypes</subfield>
   </datafield>
   <datafield tag="653" ind2=" " ind1=" ">
      <subfield code="a">Qualitative analysis</subfield>
   </datafield>
   <datafield ind2="0" ind1="0" tag="245">
      <subfield code="a">«Decodificando el proceso de la seducción» : gurús de la seducción a través de YouTube</subfield>
   </datafield>
</record></metadata></record></GetRecord></OAI-PMH>